[Event "Corr"]
[Site "?"]
[Date "2000.09.30"]
[Round "?"]
[White "Nimtz Manfred"]
[Black "Martin Clemente Joel"]
[Result "1/2-1/2"]
[WhiteElo "2627"]
[BlackElo "2569"]
[PlyCount "102"]
[EventDate "2000.??.??"]
[Source "www.chesslib.no"]
[SourceDate "2004.05.04"]

1. e4 e5 2. f4 exf4 3. Nf3 g5 4. h4 g4 5. Ne5 Nf6 6. d4 d6 7. Nd3 Nxe4 8. Bxf4 Bg7 9. c3 O-O 10. Nd2 Re8 11. Nxe4 Rxe4+ 12. Be2 Qe8 13. g3 Na6 14. Qd2 Bd7 15. Rh2 Bb5 16. O-O-O Qe6 17. Kb1 c5 18. dxc5 dxc5 19. Nc1 Bxe2 20. Rxe2 c4 21. Qc2 Rxe2 22. Nxe2 Nc5 23. Rd6 Qe4 24. Qxe4 Nxe4 25. Rd7 b5 26. Nd4 a6 27. Nf5 Bf8 28. Rd4 Re8 29. a4 Nc5 30. axb5 axb5 31. Nh6+ Bxh6 32. Bxh6 Ne4 33. Rd5 f6 34. Bf4 Nf2 35. Rxb5 Nd3 36. Rb8 Rxb8 37. Bxb8 f5 38. Kc2 f4 39. gxf4 g3 40. b4 g2 41. Ba7 Nxf4 42. Kd2 Kf7 43. Ke1 Nd5 44. Kf2 Nxc3 45. Kxg2 Ke6 46. Kf3 Kd5 47. Ke3 Kc6 48. Kd2 Nd5 49. Bc5 Kb5 50. h5 c3+ 51. Kd3 Nxb4+ 1/2-1/2

[Event "John F Cleeve Memorial"]
[Site "?"]
[Date "1996.07.15"]
[Round "?"]
[White "Nimtz Manfred"]
[Black "Ostermann Georg"]
[Result "1/2-1/2"]
[WhiteElo "2600"]
[BlackElo "2595"]
[PlyCount "75"]
[EventDate "1996.??.??"]
[Source "www.chesslib.no"]
[SourceDate "2004.05.04"]

1. e4 e5 2. f4 exf4 3. Nf3 g5 4. h4 g4 5. Ne5 Nf6 6. d4 d6 7. Nd3 Nxe4 8. Bxf4 Qe7 9. Be2 Nc6 10. c3 Bf5 11. d5 Ne5 12. Bxe5 dxe5 13. Bxg4 Bxg4 14. Qxg4 Nc5 15. Nf2 Qd7 16. Qxd7+ Nxd7 17. Nd2 f5 18. O-O Be7 19. Nd3 O-O 20. g3 Rae8 21. Rae1 e4 22. Nf4 Bd6 23. Ne6 Rf6 24. g4 e3 25. Nc4 fxg4 26. Nxe3 h5 27. Nf5 Nb6 28. Nxd6 Rxf1+ 29. Rxf1 cxd6 30. Rf5 Nxd5 31. Rg5+ Kf7 32. Rxd5 Rxe6 33. Rxh5 Re2 34. Rh7+ Kg6 35. Rxb7 a6 36. a4 g3 37. b4 Kh5 38. Rg7 1/2-1/2

[Event "olm12 corr9198"]
[Site "?"]
[Date "1991.??.??"]
[Round "?"]
[White "Rufenacht, Matthias"]
[Black "Pitksar, Kalju"]
[Result "1/2-1/2"]
[WhiteElo "2515"]
[BlackElo "2580"]
[PlyCount "55"]
[EventDate "1991.??.??"]
[Source "www.chesslib.no"]
[SourceDate "2004.05.04"]

1. e4 e5 2. f4 exf4 3. Nf3 g5 4. h4 g4 5. Ne5 Nf6 6. d4 d6 7. Nd3 Nxe4 8. Bxf4 Qe7 9. Be2 Nc6 10. c3 Bd7 11. Nd2 Nxd2 12. Qxd2 O-O-O 13. O-O-O f6 14. Nf2 Qf7 15. b3 h5 16. Ne4 d5 17. Ng3 Ne7 18. Rdf1 Nf5 19. Bd3 Nxg3 20. Bxg3 Re8 21. Kb2 Bh6 22. Bf4 Qg7 23. Re1 Bxf4 24. Qxf4 Kd8 25. Kc2 Rxe1 26. Rxe1 Qh6 27. Qxh6 Rxh6 28. Kd2 1/2-1/2

[Event "Monaco"]
[Site "?"]
[Date "1994.??.??"]
[Round "?"]
[White "Spassky, B."]
[Black "Xie, Jun"]
[Result "1/2-1/2"]
[WhiteElo "2565"]
[BlackElo "2515"]
[PlyCount "49"]
[EventDate "1994.??.??"]
[Source "ChessBase"]
[SourceDate "1994.06.01"]

1. e4 e5 2. f4 exf4 3. Nf3 g5 4. h4 g4 5. Ne5 Nf6 6. d4 d6 7. Nd3 f3 8. gxf3 Nc6 9. c3 Be7 10. Bg2 Rg8 11. Bg5 h6 12. Bxf6 Bxf6 13. h5 d5 14. Qe2 Kf8 15. Nd2 dxe4 16. Nxe4 Bg5 17. f4 Bh4+ 18. Kd2 a5 19. Nec5 Bf6 20. Rae1 Rb8 21. Kc1 Ne7 22. Ne5 Nf5 23. Ne4 Be7 24. Rd1 c6 25. Rhg1 1/2-1/2

[Event "Veterans-Wome"]
[Site "Monaco Veterans-Wome"]
[Date "1994.??.??"]
[Round "2"]
[White "Spassky, Boris Vasily"]
[Black "Xie Jun"]
[Result "1/2-1/2"]
[WhiteElo "2565"]
[BlackElo "2515"]
[PlyCount "49"]
[EventDate "1994.??.??"]
[Source "www.chesslib.no"]
[SourceDate "2004.05.04"]

1. e4 e5 2. f4 exf4 3. Nf3 g5 4. h4 g4 5. Ne5 Nf6 6. d4 d6 7. Nd3 f3 8. gxf3 Nc6 9. c3 Be7 10. Bg2 Rg8 11. Bg5 h6 12. Bxf6 Bxf6 13. h5 d5 14. Qe2 Kf8 15. Nd2 dxe4 16. Nxe4 Qxd4 17. f4 Qd7 18. Kf1 a5 19. Ke1 Rg5 20. a4 b5 21. Ndc5 Ne5 22. Kf2 Qd2 23. c4 Qd7 24. b3 bxc4 25. Bf3 1/2-1/2

[Event "4. EU ch.final"]
[Site "IV EU ch.final"]
[Date "1995.??.??"]
[Round "?"]
[White "Nimtz/GER"]
[Black "D'Adamo"]
[Result "1-0"]
[WhiteElo "2580"]
[BlackElo "2495"]
[PlyCount "95"]
[EventDate "1995.??.??"]
[Source "www.chesslib.no"]
[SourceDate "2004.05.04"]

1. e4 e5 2. f4 exf4 3. Nf3 g5 4. h4 g4 5. Ne5 Nf6 6. d4 d6 7. Nd3 Nxe4 8. Bxf4 Qe7 9. Be2 Bg7 10. c3 O-O 11. Nd2 Bf5 12. O-O Qxh4 13. Nxe4 Bxe4 14. Nf2 g3 15. Nh3 Bc6 16. d5 Bd7 17. Bg5 Qa4 18. b3 Qa5 19. Rf3 Bxh3 20. b4 Qb6+ 21. Be3 c5 22. gxh3 Be5 23. Bd3 Nd7 24. Rf5 f6 25. Rh5 f5 26. Bxf5 Nf6 27. Be6+ Kh8 28. Rxe5 dxe5 29. Bxc5 Qc7 30. Qf3 Nxd5 31. Qxd5 Rad8 32. Qe4 Rf4 33. Qc2 Qc6 34. Bg4 b6 35. Be3 Rf7 36. Rc1 Rg8 37. Qg2 Qg6 38. Qd5 Re8 39. c4 h5 40. Bf3 Ree7 41. Bg2 Qg7 42. c5 Rd7 43. Qe4 bxc5 44. bxc5 Qf6 45. c6 Rc7 46. Rd1 Rce7 47. Rd8+ Kg7 48. Qb1 1-0

[Event "Hoogovens op"]
[Site "Wijk aan Zee"]
[Date "1995.??.??"]
[Round "11"]
[White "Winants, Luc"]
[Black "Van der Sterren, Paul"]
[Result "1/2-1/2"]
[WhiteElo "2500"]
[BlackElo "2560"]
[PlyCount "47"]
[EventDate "1995.01.??"]
[Source "ChessBase"]

1. e4 e5 2. f4 exf4 3. Nf3 g5 4. h4 g4 5. Ne5 Nf6 6. Bc4 d5 7. exd5 Bg7 8. d4 Nh5 9. O-O Qxh4 10. Qe1 Qxe1 11. Rxe1 O-O 12. Nc3 Nd7 13. Nb5 c5 14. c3 cxd4 15. cxd4 Nb6 16. Bb3 Bd7 17. a4 Rad8 18. Nc7 Bf6 19. Bd2 Bh4 20. Rec1 Ng3 21. Re1 Nf5 22. Re4 Ng3 23. Ree1 Nf5 24. Re4 1/2-1/2

[Event "SSDF 40-2, DK Bramming"]
[Site "?"]
[Date "1999.03.25"]
[Round "38"]
[White "Rebel 9 P200MMX 60MB"]
[Black "Nimzo 99 P200MMX 47MB"]
[Result "1-0"]
[WhiteElo "2524"]
[BlackElo "2520"]
[PlyCount "75"]
[EventDate "1999.??.??"]
[Source "www.chesslib.no"]
[SourceDate "2004.05.04"]

1. e4 e5 2. f4 exf4 3. Nf3 g5 4. h4 g4 5. Ne5 Nf6 6. d4 d6 7. Nd3 Nxe4 8. Qe2 Qe7 9. Bxf4 Nc6 10. c3 Bf5 11. Nd2 O-O-O 12. O-O-O Re8 13. Nxe4 Qxe4 14. Qxe4 Bxe4 15. Nf2 f5 16. Nxe4 fxe4 17. Bc4 h5 18. Bd5 Ne7 19. Bxe4 Bh6 20. Bxh6 Rxh6 21. Rhf1 Re6 22. Bd3 Re3 23. Kd2 Rg3 24. Rf2 Kd7 25. Re1 a5 26. Rfe2 a4 27. Bb5+ c6 28. Bxa4 d5 29. Bb3 b5 30. a4 Kd8 31. axb5 cxb5 32. Bxd5 Nxd5 33. Rxe8+ Kd7 34. R8e5 Kd6 35. R1e2 Nf4 36. Rf2 Rxg2 37. Rxg2 Nxg2 38. Rxb5 1-0

[Event "Nederland"]
[Site "?"]
[Date "1994.??.??"]
[Round "?"]
[White "de Wit, J."]
[Black "van der Sterren, P."]
[Result "0-1"]
[WhiteElo "2410"]
[BlackElo "2605"]
[PlyCount "42"]
[EventDate "1994.??.??"]
[Source "ChessBase"]
[SourceDate "1995.06.01"]

1. e4 e5 2. f4 exf4 3. Nf3 g5 4. h4 g4 5. Ne5 Nf6 6. d4 d6 7. Nd3 Nxe4 8. Bxf4 Bg7 9. c3 O-O 10. Nd2 Re8 11. Nxe4 Rxe4+ 12. Kf2 c5 13. dxc5 dxc5 14. Qd2 c4 15. Nb4 Qb6+ 16. Kg3 Be6 17. Nd5 Qc5 18. Rd1 Nc6 19. b4 cxb3 20. axb3 Rd8 21. c4 Rxf4 0-1

[Event "Paris Ch"]
[Site "Paris FRA"]
[Date "1988.??.??"]
[Round "9"]
[White "Murey, Jacob I"]
[Black "Hebden, Mark L"]
[Result "0-1"]
[WhiteElo "2535"]
[BlackElo "2475"]
[PlyCount "76"]
[EventDate "1988.??.??"]
[Source "www.chesslib.no"]
[SourceDate "2004.05.04"]

1. e4 e5 2. f4 exf4 3. Nf3 g5 4. h4 g4 5. Ne5 Nf6 6. Bc4 d5 7. exd5 Bd6 8. d4 Nh5 9. Nc3 Qe7 10. Kf2 Bxe5 11. Re1 Nd7 12. Bb5 Qxh4+ 13. Kg1 O-O 14. dxe5 g3 15. Qd4 c5 16. dxc6 bxc6 17. Bd3 Re8 18. b4 Nxe5 19. Rxe5 Rxe5 20. Qxe5 Bg4 21. Qc5 Re8 22. Ne4 Rxe4 23. Bxe4 Qh2+ 24. Kf1 Qh1+ 25. Qg1 Be2+ 26. Kxe2 Qxg1 27. Kd3 Qd1+ 28. Kc3 Nf6 29. Bxc6 Qd6 30. b5 Qe5+ 31. Kb3 Qxa1 32. Bb2 Qe1 33. Bd4 Ne4 34. Bxa7 Qc3+ 35. Ka4 Nd2 36. Bd5 Nc4 37. Bxc4 Qxc4+ 38. Ka5 Qxa2+ 0-1

[Event "Parijs"]
[Site "Parijs"]
[Date "1988.??.??"]
[Round "?"]
[White "Murey, Jacob I"]
[Black "Hebden, Mark L"]
[Result "0-1"]
[WhiteElo "2535"]
[BlackElo "2460"]
[PlyCount "42"]
[EventDate "1988.??.??"]
[Source "www.chesslib.no"]
[SourceDate "2004.05.04"]

1. e4 e5 2. f4 exf4 3. Nf3 g5 4. h4 g4 5. Ne5 Nf6 6. Bc4 d5 7. exd5 Bd6 8. d4 Nh5 9. Nc3 Qe7 10. Kf2 Bxe5 11. Re1 Nd7 12. Bb5 Qxh4+ 13. Kg1 O-O 14. dxe5 g3 15. Qd4 c5 16. Bd3 Re8 17. b4 Nxe5 18. Rxe5 Rxe5 19. Qxe5 Bg4 20. Ne4 Qh2+ 21. Kf1 Qh1# 0-1

[Event "BL2-Ost 0001"]
[Site "Germany"]
[Date "2001.02.18"]
[Round "6.2"]
[White "Rechel, Bernd"]
[Black "Ibragimov, Ildar"]
[Result "1/2-1/2"]
[WhiteElo "2402"]
[BlackElo "2575"]
[PlyCount "129"]
[EventDate "2000.10.15"]
[Source "ChessBase"]
[SourceDate "2001.07.03"]

1. e4 e5 2. f4 exf4 3. Nf3 g5 4. h4 g4 5. Ne5 Nf6 6. d4 d6 7. Nd3 Nc6 8. d5 Ne5 9. Bxf4 Ng6 10. Nc3 Nxf4 11. Nxf4 Bh6 12. Bb5+ c6 13. dxc6 O-O 14. cxb7 Bxb7 15. Nfd5 Bxd5 16. Nxd5 Nxd5 17. Qxd5 Qb6 18. Qf5 d5 19. Bd3 Rfe8 20. e5 Qe3+ 21. Kf1 Qf4+ 22. Qxf4 Bxf4 23. e6 fxe6 24. Ke2 Be5 25. Rab1 Kg7 26. c4 h5 27. b4 dxc4 28. Bxc4 Rac8 29. Bb3 Rc3 30. Rbd1 Re7 31. Rd3 Rxd3 32. Kxd3 Bf6 33. Ke4 Rb7 34. Rc1 Rxb4+ 35. Kd3 Rd4+ 36. Ke3 Rd7 37. Rc6 Bxh4 38. Rxe6 Bf6 39. Ke4 Kg6 40. Bd5 Kg5 41. g3 Rd8 42. Ra6 Re8+ 43. Kd3 Be5 44. Rxa7 Bxg3 45. a4 Re5 46. Kc4 h4 47. Rg7+ Kf4 48. Rf7+ Ke3 49. a5 h3 50. a6 Rxd5 51. Kxd5 Bb8 52. Rh7 Kf2 53. Kc6 g3 54. Kb7 g2 55. Kxb8 g1=Q 56. Rxh3 Qg8+ 57. Kb7 Qd5+ 58. Kb8 Qd6+ 59. Kb7 Qd7+ 60. Kb8 Qb5+ 61. Ka7 Qc6 62. Rb3 Qc5+ 63. Rb6 Ke3 64. Kb7 Qe7+ 65. Kb8 1/2-1/2

[Event "Corr"]
[Site "?"]
[Date "2001.11.01"]
[Round "?"]
[White "Schmelz Thomas"]
[Black "Ruch Eric (FRA)"]
[Result "1/2-1/2"]
[WhiteElo "2465"]
[BlackElo "2499"]
[PlyCount "128"]
[EventDate "2001.??.??"]
[Source "www.chesslib.no"]
[SourceDate "2004.05.04"]

1. e4 e5 2. f4 exf4 3. Nf3 g5 4. h4 g4 5. Ne5 Nf6 6. d4 d6 7. Nd3 Nxe4 8. Qe2 Qe7 9. Bxf4 Nc6 10. c3 Bf5 11. Nd2 O-O-O 12. Nxe4 Qxe4 13. Qxe4 Bxe4 14. Nf2 Bf5 15. Bd3 Bxd3 16. Nxd3 Re8+ 17. Kd2 Ne7 18. Bg5 Nd5 19. Nf4 Nxf4 20. Bxf4 d5 21. Rhf1 f6 22. Kd3 Re6 23. Bd2 Bd6 24. Rf5 Rhe8 25. Rxd5 Re2 26. Rg1 Bh2 27. Rf1 Rxg2 28. Rxf6 g3 29. Rg5 Rf2 30. Bf4 g2 31. Bxh2 Rxf6 32. Rxg2 Rf3+ 33. Kd2 Re4 34. Rg8+ Kd7 35. Rg7+ Ke6 36. Bxc7 Rf2+ 37. Kd3 Rxh4 38. Bd8 Rh3+ 39. Ke4 Re2+ 40. Kf4 Rxb2 41. c4 Rxa2 42. Rxb7 Kd6 43. Ke4 Re2+ 44. Kf4 Rh1 45. c5+ Kc6 46. Rc7+ Kb5 47. Rxa7 Rf1+ 48. Kg3 Re3+ 49. Kg2 Rd1 50. Rb7+ Kc4 51. Bh4 Rxd4 52. Bf2 Rg4+ 53. Kf1 Rh3 54. c6 Kd5 55. c7 Rc4 56. Kg2 Rd3 57. Bg3 Ke6 58. Rb6+ Kf5 59. Rb5+ Kf6 60. Rb6+ Kf7 61. Rb7 Rc2+ 62. Kh3 Ke6 63. Rb6+ Kf5 64. Rb5+ Kg6 1/2-1/2

[Event "France"]
[Site "?"]
[Date "1994.??.??"]
[Round "?"]
[White "Spassky Boris V"]
[Black "Marciano David"]
[Result "1/2-1/2"]
[WhiteElo "2565"]
[BlackElo "2395"]
[PlyCount "70"]
[EventDate "1994.??.??"]
[Source "www.chesslib.no"]
[SourceDate "2004.05.04"]

1. e4 e5 2. f4 exf4 3. Nf3 g5 4. h4 g4 5. Ne5 Nf6 6. d4 d6 7. Nd3 Nxe4 8. Bxf4 Qe7 9. Be2 Nc6 10. c3 Bg7 11. Nd2 Bf5 12. Nxe4 Bxe4 13. O-O Qxh4 14. Bxg4 f5 15. Nf2 O-O-O 16. g3 Qe7 17. Re1 fxg4 18. Qxg4+ Qd7 19. Rxe4 Qxg4 20. Nxg4 Rde8 21. Rxe8+ Rxe8 22. Kf2 Nxd4 23. cxd4 Bxd4+ 24. Ne3 Bxb2 25. Rh1 Re7 26. Kf3 Rf7 27. Ke4 b6 28. Nc4 Bf6 29. Bxd6 b5 30. Ne5 Rg7 31. Bc5 Bxe5 32. Kxe5 Rxg3 33. Rxh7 Rg2 34. a3 a5 35. Kd5 Kb7 1/2-1/2

[Event "CCOL12 prel corr"]
[Site "Corr"]
[Date "1992.??.??"]
[Round "?"]
[White "Issler, Christian"]
[Black "Ma, Paul"]
[Result "1/2-1/2"]
[WhiteElo "2545"]
[BlackElo "2415"]
[PlyCount "94"]
[EventDate "1992.??.??"]
[Source "www.chesslib.no"]
[SourceDate "2004.05.04"]

1. e4 e5 2. f4 exf4 3. Nf3 g5 4. h4 g4 5. Ne5 Nf6 6. d4 d6 7. Nd3 Nxe4 8. Bxf4 Bg7 9. c3 Qe7 10. Qe2 Bf5 11. Nd2 Nxd2 12. Qxe7+ Kxe7 13. Kxd2 Nd7 14. Re1+ Kf8 15. g3 Nb6 16. Kc2 Nd5 17. Bd2 Nf6 18. Bg2 Re8 19. Bxb7 Ne4 20. Bxe4 Bxe4 21. Rhf1 f5 22. h5 Kf7 23. Rxe4 Rxe4 24. Rxf5+ Ke6 25. Ra5 Ra8 26. Nf4+ Kd7 27. Kd3 Ree8 28. Ng2 Rg8 29. Bf4 Bf6 30. Ne3 Be7 31. b4 Rg7 32. a4 Rgg8 33. Rf5 Raf8 34. Ke4 Rxf5 35. Kxf5 c6 36. d5 Rf8+ 37. Kxg4 Bf6 38. dxc6+ Kxc6 39. b5+ Kc5 40. Nf5 Rg8+ 41. Kf3 Bxc3 42. Bxd6+ Kc4 43. Ne7 Rf8+ 44. Kg4 Bb4 45. Bxb4 Kxb4 46. Nc6+ Kxa4 47. Nxa7 Ka5 1/2-1/2

[Event "Bermuda-B"]
[Site "Bermuda"]
[Date "2002.01.21"]
[Round "1"]
[White "Berg, Emanuel"]
[Black "De Vreugt, Dennis"]
[Result "1-0"]
[WhiteElo "2500"]
[BlackElo "2446"]
[PlyCount "89"]
[EventDate "2002.01.21"]
[Source "ChessBase"]
[SourceDate "2002.03.21"]

1. e4 e5 2. f4 exf4 3. Nf3 g5 4. h4 g4 5. Ne5 Nf6 6. Bc4 d5 7. exd5 Bg7 8. d4 Nh5 9. O-O Qxh4 10. Qe1 Qxe1 11. Rxe1 O-O 12. Nc3 Nd7 13. Nb5 c5 14. d6 cxd4 15. Nxf7 Nb6 16. Bb3 Bf6 17. Nc7 Rb8 18. Re7 Kg7 19. Ne8+ Kg6 20. Nxf6 Kxf6 21. Bxf4 Nxf4 22. Rf1 Bf5 23. Rxf4 Rfe8 24. Rxe8 Rxe8 25. d7 Nxd7 26. Rxf5+ Kxf5 27. Nd6+ Kf4 28. Nxe8 Ke3 29. Nd6 Nc5 30. Bd5 Kd2 31. Ne4+ Nxe4 32. Bxe4 g3 33. Bxh7 b5 34. a3 Kc1 35. c3 dxc3 36. bxc3 Kd2 37. Bf5 Kxc3 38. Bd7 a6 39. Kf1 Kd2 40. Bc8 a5 41. Bd7 b4 42. axb4 axb4 43. Ba4 Ke3 44. Ke1 Kd3 45. Kd1 1-0

[Event "Forli Open"]
[Site "Forli"]
[Date "1992.??.??"]
[Round "6"]
[White "Gallagher, Joseph G"]
[Black "Arlandi, Ennio"]
[Result "1/2-1/2"]
[WhiteElo "2510"]
[BlackElo "2435"]
[PlyCount "78"]
[EventDate "1992.09.??"]
[Source "www.chesslib.no"]
[SourceDate "2004.05.04"]

1. e4 e5 2. f4 exf4 3. Nf3 g5 4. h4 g4 5. Ne5 Nf6 6. d4 d6 7. Nd3 Nxe4 8. Bxf4 Bg7 9. c3 O-O 10. Be2 Re8 11. Nd2 Bf5 12. Nxe4 Bxe4 13. O-O Qxh4 14. Bxg4 Nc6 15. Nf2 Bf5 16. Bxf5 Qxf4 17. Qd3 h5 18. Ne4 Qh6 19. Rf3 d5 20. Ng3 h4 21. Nf1 Ne7 22. Ne3 Rad8 23. Raf1 c5 24. Ng4 Qh5 25. Ne5 Bxe5 26. dxe5 Ng6 27. Qe2 Qh6 28. Qf2 Nxe5 29. Rf4 Ng6 30. Bxg6 fxg6 31. Qxc5 h3 32. Rg4 hxg2 33. Rxg2 Rd7 34. Qd4 Re4 35. Qf6 Qe3+ 36. Rff2 Qc1+ 37. Rf1 Qe3+ 38. Rff2 Qc1+ 39. Rf1 Qe3+ 1/2-1/2

[Event "Wijk op"]
[Site "Wijk aan Zee"]
[Date "1993.??.??"]
[Round "5"]
[White "Reinderman, Dimitri"]
[Black "Winants, Luc"]
[Result "1-0"]
[WhiteElo "2415"]
[BlackElo "2520"]
[PlyCount "79"]
[EventDate "1993.01.??"]
[Source "ChessBase"]

1. e4 e5 2. f4 exf4 3. Nf3 g5 4. h4 g4 5. Ne5 Nf6 6. d4 d6 7. Nd3 Nxe4 8. Bxf4 Qe7 9. Be2 Bg7 10. Nc3 Bxd4 11. Nd5 Qd8 12. c3 Be6 13. cxd4 Bxd5 14. Bxg4 Nd7 15. Nb4 c6 16. Nxd5 cxd5 17. O-O Qxh4 18. Bxd7+ Kxd7 19. Qb3 Ke6 20. Rae1 f5 21. Qxb7 Rab8 22. Qc7 Qe7 23. Qc3 Rhg8 24. Re2 Rg4 25. Bh2 Rbg8 26. Qf3 Qf6 27. Kh1 Rh4 28. Qa3 Qe7 29. Kg1 Rg5 30. Bg3 Rhg4 31. Rf3 Qc7 32. Rc3 Qb6 33. Qa4 Kf6 34. Be5+ Ke7 35. Rc6 Qb7 36. Bxd6+ Kd8 37. Rc7 Rxg2+ 38. Rxg2 Rxg2+ 39. Kxg2 Qxb2+ 40. Rc2 1-0

[Event "Copenhagen Open"]
[Site "Copenhagen DEN"]
[Date "1985.??.??"]
[Round "8"]
[White "Hebden, Mark L"]
[Black "Ernst, Thomas"]
[Result "0-1"]
[WhiteElo "2480"]
[BlackElo "2450"]
[PlyCount "76"]
[EventDate "1985.06.??"]
[Source "www.chesslib.no"]
[SourceDate "2004.05.04"]

1. e4 e5 2. f4 exf4 3. Nf3 g5 4. h4 g4 5. Ne5 Nf6 6. d4 d6 7. Nd3 Nxe4 8. Qe2 Qe7 9. Bxf4 Bf5 10. Nd2 Nc6 11. c3 Nxd2 12. Kxd2 Qxe2+ 13. Bxe2 Bg7 14. h5 Ne7 15. Rae1 Kd7 16. Rhf1 Rhg8 17. Bg5 f6 18. Be3 Bh8 19. Nf4 Be4 20. Bc4 d5 21. Bb3 f5 22. Nd3 b6 23. g3 Rae8 24. Bf4 Nc6 25. Rxe4 fxe4 26. Nf2 Ne7 27. Bd1 c5 28. dxc5 bxc5 29. c4 dxc4 30. Nxe4 Rd8 31. Kc1 Nd5 32. Nxc5+ Kc8 33. Bc2 Nxf4 34. Rxf4 Bd4 35. Rf5 Be3+ 36. Kb1 Rgf8 37. Ne6 Rxf5 38. Bxf5 Rd1+ 0-1

[Event "Staunton CC King´s Gambit theme"]
[Site "Groningen"]
[Date "2002.09.06"]
[Round "1"]
[White "Brenninkmeijer, Joris"]
[Black "Ligterink, Gert"]
[Result "1-0"]
[WhiteElo "2529"]
[BlackElo "2389"]
[PlyCount "65"]
[EventDate "2002.09.??"]
[Source "ChessBase"]
[SourceDate "2002.11.06"]

1. e4 e5 2. f4 exf4 3. Nf3 g5 4. h4 g4 5. Ne5 Nf6 6. Bc4 d5 7. exd5 Bd6 8. d4 Nh5 9. O-O Qxh4 10. Qe1 Qxe1 11. Rxe1 O-O 12. Bb3 Bf5 13. Nc3 Nd7 14. Nc4 Rae8 15. Rf1 Ng3 16. Bxf4 Nxf1 17. Nxd6 cxd6 18. Rxf1 Kg7 19. Bxd6 Kg6 20. Bxf8 Nxf8 21. d6 Ne6 22. Nb5 Rd8 23. d5 Nc5 24. c4 a6 25. Nd4 Bd3 26. Bc2 Bxc2 27. Nxc2 Rxd6 28. Ne3 h5 29. b4 Nd3 30. c5 Rf6 31. Rd1 Nf2 32. Rd4 g3 33. Nf1 1-0

[Event "Corr"]
[Site "?"]
[Date "2002.12.15"]
[Round "?"]
[White "Efendiyev Enver Mikhaylovich"]
[Black "Eckstein Michael"]
[Result "0-1"]
[WhiteElo "2506"]
[BlackElo "2410"]
[PlyCount "32"]
[EventDate "2002.??.??"]
[Source "www.chesslib.no"]
[SourceDate "2004.05.04"]

1. e4 e5 2. f4 exf4 3. Nf3 g5 4. h4 g4 5. Ne5 Nf6 6. d4 d6 7. Nd3 Nxe4 8. Bxf4 Bg7 9. c3 O-O 10. Nd2 Re8 11. Nxe4 Rxe4+ 12. Be2 g3 13. Kd2 c5 14. Bg5 Qa5 15. dxc5 Na6 16. Rf1 Be6 0-1

[Event "It CGT 2003"]
[Site "Buenos Aires"]
[Date "2003.12.15"]
[Round "5"]
[White "Crosa, Martin"]
[Black "Sorin, Ariel"]
[Result "0-1"]
[WhiteElo "2403"]
[BlackElo "2512"]
[PlyCount "114"]
[EventDate "2003.12.11"]
[Source "Roberto Alvarez"]
[SourceDate "2003.12.22"]

1. e4 e5 2. f4 exf4 3. Nf3 g5 4. h4 g4 5. Ne5 Nf6 6. Bc4 d5 7. exd5 Nxd5 8. Nc3 Be6 9. Bxd5 Bxd5 10. Qxg4 Nc6 11. Qxf4 Bd6 12. d4 Rg8 13. Be3 Be6 14. Ne4 Be7 15. O-O-O Nb4 16. d5 Nxd5 17. Qf3 c6 18. Bg5 Qb6 19. c4 Qc7 20. Bxe7 Kxe7 21. Qa3+ Kd8 22. cxd5 cxd5+ 23. Qc3 Rc8 24. Qxc7+ Rxc7+ 25. Nc3 Rxg2 26. Kb1 Ke8 27. Rhf1 Kf8 28. a3 Kg7 29. Rd4 a6 30. Nd3 Rc4 31. Rxc4 dxc4 32. Nc5 Bc8 33. Rf4 b6 34. N5e4 b5 35. Ng5 f5 36. Rd4 h6 37. Nf3 Rf2 38. Rd8 Rxf3 39. Rxc8 f4 40. Rc6 Rh3 41. Rxa6 f3 42. Ra7+ Kg6 43. Ra6+ Kg7 44. Ra7+ Kg6 45. Ra6+ Kg7 46. Rd6 f2 47. Rd1 Re3 48. Rd7+ Kg6 49. Rd6+ Kh5 50. Rd5+ Kxh4 51. Rd4+ Kh3 52. Rf4 Re1+ 53. Kc2 f1=Q 54. Rxf1 Rxf1 55. Nxb5 h5 56. a4 h4 57. Nd6 Kg2 0-1

[Event "Lewkowitz Memorial A"]
[Site "Lewkowitz Memorial A"]
[Date "1994.??.??"]
[Round "?"]
[White "Callaghan jr., Richard S"]
[Black "Ebeling, Mika"]
[Result "1/2-1/2"]
[WhiteElo "2450"]
[BlackElo "2465"]
[PlyCount "49"]
[EventDate "1994.??.??"]
[Source "www.chesslib.no"]
[SourceDate "2004.05.04"]

1. e4 e5 2. f4 exf4 3. Nf3 g5 4. h4 g4 5. Ne5 Nf6 6. d4 d6 7. Nd3 Nxe4 8. Bxf4 Qe7 9. Be2 Bg7 10. c3 h5 11. Nd2 Nxd2 12. Qxd2 Be6 13. O-O Nd7 14. Rae1 O-O-O 15. Bd1 d5 16. Bg5 f6 17. Nf4 Nf8 18. Nxe6 Nxe6 19. Bc2 Kb8 20. Bf5 fxg5 21. Rxe6 Qd7 22. Qxg5 Bf8 23. Re5 Qd6 24. Re6 Qd7 25. Re5 1/2-1/2

[Event "Marbella zt-f"]
[Site "Marbella"]
[Date "1982.??.??"]
[Round "7"]
[White "Hebden, Mark"]
[Black "Stean, Michael"]
[Result "0-1"]
[WhiteElo "2400"]
[BlackElo "2505"]
[PlyCount "30"]
[EventDate "1982.02.??"]
[Source "ChessBase"]

1. e4 e5 2. f4 exf4 3. Nf3 g5 4. h4 g4 5. Ne5 Nf6 6. Nxg4 Nxe4 7. d3 Ng3 8. Bxf4 Nxh1 9. Bg5 Be7 10. Qe2 h5 11. Qe5 f6 12. Bxf6 d6 13. Qe4 Bxg4 14. Bxh8 Kd7 15. Bd4 Bxh4+ 0-1

[Event "NED Ch"]
[Site "NED"]
[Date "1993.??.??"]
[Round "?"]
[White "Riemersma, Liafbern"]
[Black "Van der Sterren, Paul"]
[Result "0-1"]
[WhiteElo "2415"]
[BlackElo "2490"]
[PlyCount "78"]
[EventDate "1993.06.??"]
[Source "www.chesslib.no"]
[SourceDate "2004.05.04"]

1. e4 e5 2. f4 exf4 3. Nf3 g5 4. h4 g4 5. Ne5 Nf6 6. Bc4 d5 7. exd5 Bd6 8. d4 Nh5 9. O-O Qxh4 10. Qe1 Qxe1 11. Rxe1 O-O 12. Nc3 Nd7 13. Nxg4 Nb6 14. Be2 Re8 15. Ne5 Bxe5 16. dxe5 Rxe5 17. Bd2 Bd7 18. Bf3 Rae8 19. Rxe5 Rxe5 20. Re1 Rxe1+ 21. Bxe1 Nf6 22. Bd2 Nc4 23. Bxf4 Nxb2 24. Bxc7 Nc4 25. Bf4 Bg4 26. Be4 Nb6 27. Be5 Nxe4 28. Nxe4 Nxd5 29. c4 f5 30. Nd6 Nb4 31. Nxb7 Nxa2 32. c5 Nb4 33. Na5 Kf7 34. Bb8 a6 35. c6 Ke6 36. Nc4 Nxc6 37. Bc7 Be2 38. Na5 Nb4 39. Kf2 Bb5 0-1

[Event "Staunton CC King´s Gambit theme"]
[Site "Groningen"]
[Date "2002.09.07"]
[Round "2"]
[White "Brenninkmeijer, Joris"]
[Black "Hoeksema, Hendrik Pieter"]
[Result "1/2-1/2"]
[WhiteElo "2529"]
[BlackElo "2366"]
[PlyCount "61"]
[EventDate "2002.09.??"]
[Source "ChessBase"]
[SourceDate "2002.11.06"]

1. e4 e5 2. f4 exf4 3. Nf3 g5 4. h4 g4 5. Ne5 Nf6 6. Bc4 d5 7. exd5 Bd6 8. d4 Nh5 9. O-O O-O 10. Nxg4 Qxh4 11. Nh2 Ng3 12. Re1 Bf5 13. Nd2 Nd7 14. Ndf3 Qh5 15. Bd2 Rae8 16. Bb3 Nc5 17. Ne5 Qxd1 18. Raxd1 Nxb3 19. cxb3 Nh5 20. Nhf3 f6 21. Nc4 Be4 22. Nxd6 cxd6 23. Bb4 Bxd5 24. Bxd6 Rxe1+ 25. Rxe1 Rd8 26. Bc7 Rd7 27. Bb8 a6 28. Nh4 Kf7 29. Nf5 Bc6 30. Ba7 Ng7 31. Nxg7 1/2-1/2

[Event "Capablanca mem-B"]
[Site "Cuba"]
[Date "1993.??.??"]
[Round "12"]
[White "Sanchez Almeyra, Jorge"]
[Black "Rodriguez Cespedes, Amador"]
[Result "1/2-1/2"]
[WhiteElo "2415"]
[BlackElo "2480"]
[PlyCount "45"]
[EventDate "1993.??.??"]
[Source "ChessBase"]

1. e4 e5 2. f4 exf4 3. Nf3 g5 4. h4 g4 5. Ne5 Nf6 6. d4 d6 7. Nd3 Nxe4 8. Bxf4 Qe7 9. Be2 Nc6 10. c3 Bf5 11. d5 Nb8 12. O-O Qxh4 13. Nd2 g3 14. Nf3 Qh5 15. Qa4+ Nd7 16. Rae1 O-O-O 17. Bd1 Bg7 18. Qxa7 Nd2 19. Nb4 Nxf3+ 20. Rxf3 Qh2+ 21. Kf1 Qh1+ 22. Qg1 Qxg1+ 23. Kxg1 1/2-1/2